000
00285cam a22000977a 4500
008
180718b1973 xxu||||| |||| 00| 0 eng d
082
_a
K232x42 Un3
245
_a
Review body on armed forces pay : second report
260
_a
London
_b
Her Majesty's Stationery office
_c
1973
300
_a
62+p.
999
_c
499833
_d
499833